Statistics for Overseas Dependencies #3: Flags

Click here to take the quiz!

General Stats

  • This quiz has been taken 99 times
  • The average score is 12 of 19

Answer Stats

Answer% Correct
Niue
90%
Norfolk Island
88%
French Polynesia
86%
Guernsey
86%
Christmas Island
85%
Cocos Islands
85%
Tokelau
85%
Martinique
84%
Guadeloupe
82%
New Caledonia
82%
French Guiana
74%
Saba
73%
Sint Eustatius
66%
US Midway Islands
48%
Palmyra Atoll
33%
Reunion
22%
Adjara
21%
Redonda
16%
Lord Howe Island
15%

Score Distribution

Percentile by Number Answered

Percent of People with Each Score

Your Score History

You have not taken this quiz